Normal view
MARC view
- الصقور، محمد محمود
Entry Personal Name
001 - CONTROL NUMBER
- control field: 35854
003 - CONTROL NUMBER IDENTIFIER
- control field: JO-AjAnu
005 - DATE AND TIME OF LATEST TRANSACTION
- control field: 20230606080006.0
008 - FIXED-LENGTH DATA ELEMENTS
- fixed length control field: 230606|| aca||aabn | a|a d
040 ## - CATALOGING SOURCE
- Original cataloging agency: JO-AjAnu
- Transcribing agency: JO-AjAnu
100 ## - HEADING--PERSONAL NAME
- Personal name: الصقور، محمد محمود
670 ## - SOURCE DATA FOUND
- Source citation: Work cat.: (JO-AjAnu)18410: الصقور، محمد محمود , author, التخطيط الاقليمي والتنمية في الريف: دراسة تطبيقية على الريف الاردني=Regional planning & development in Rural Communities: A Case Study in Rural Jordan